Sidney Sheldon's chasing tomorrow (Record no. 54688)

000 -LEADER
fixed length control field 00361nam a22001457a 4500
020 ## - INTERNATIONAL STANDARD BOOK NUMBER
International Standard Book Number 9780007597734
082 ## - DEWEY DECIMAL CLASSIFICATION NUMBER
Classification number 823
Item number TIL/S
100 ## - MAIN ENTRY--PERSONAL NAME
Personal name Tilly Bagshawe
245 ## - TITLE STATEMENT
Title Sidney Sheldon's chasing tomorrow
Statement of responsibility, etc. by Tilly Bagshawe
260 ## - PUBLICATION, DISTRIBUTION, ETC.
Place of publication, distribution, etc. India:
Name of publisher, distributor, etc. Harper,
Date of publication, distribution, etc. 2014.
300 ## - PHYSICAL DESCRIPTION
Extent 394p.
650 ## - SUBJECT ADDED ENTRY--TOPICAL TERM
Topical term or geographic name entry element Literature English
Form subdivision Novel
650 ## - SUBJECT ADDED ENTRY--TOPICAL TERM
Topical term or geographic name entry element Literature
942 ## - ADDED ENTRY ELEMENTS (KOHA)
Koha item type Book
Holdings
Withdrawn status Lost status Damaged status Not for loan Permanent Location Current Location Shelving location Date acquired Cost, normal purchase price Total Checkouts Total Renewals Full call number Barcode Date last seen Date last checked out Price effective from Koha item type
        Sree Sankaracharya University of Sanskrit Sree Sankaracharya University of Sanskrit Stacks 22.07.2015 299.00 7 2 823 TIL/S 077582 30.05.2023 24.05.2023 22.07.2015 Book